Antonio Gaudí : (Registro nro. 37447)

Detalles MARC
000 -CABECERA
Longitud fija campo de control 00528nam a2200169 4500
003 - • IDENTIFICADOR DELl NÚMERO DE CONTROL
Identificador del número de control CO-ViMGA
020 ## - • NÚMERO INTERNACIONAL NORMALIZADO PARA LIBROS
Número Internacional Normalizado para Libros (ISBN) 9583014230
040 ## - FUENTE DE LA CATALOGACIÓN
Centro catalogador de origen CO-ViMGA
Lengua de catalogación spa
Centro transcriptor CO-ViMGA
082 04 - • NÚMERO DE LA CLASIFICACIÓN DECIMAL DEWEY
Número de clasificación (R) 927
Número del ítem V17a
100 1# - • PUNTO DE ACCESO PRINCIPAL-NOMBRE DE PERSONA
Nombre de persona Vargas, Claudia Patricia.
245 10 - • TITULO PROPIAMENTE DICHO
Título Antonio Gaudí :
Resto del título la arquitectura de la naturaleza /
Mención de responsabilidad, etc. Claudia Patricia Vargas.
300 ## - • DESCRIPCIÓN FÍSICA
Extensión 100 p. :
Otras características físicas il. ; 21 cm
490 ## - • MENCIÓN DE SERIE
Mención de serie Colección 100 personajes-autores.
700 1# - • PUNTO DE ACCESO ADICIONAL - NOMBRE DE PERSONA
Nombre de persona Gaudí I. Cornet, Antoni,
Fechas asociadas al nombre 1852-1926.
942 ## - ENTRADA DE ELEMENTOS AGREGADOS (KOHA)
Koha [por defecto] tipo de item LIbro
Existencias
Perdido Fuente de clasificación o esquema Estado Físico No para préstamo Forma de adquisición Localización permanente Localización actual Fecha adquisición Préstamos totales Signatura completa Código de barras Fecha última consulta Número de copia Fecha del precio de reemplazo Tipo de item de Koha
  Dewey Decimal Classification     Sala General Segundo Piso Biblioteca Pública Germán Arciniegas - Villavicencio Biblioteca Pública Germán Arciniegas - Villavicencio 09/12/2016   927 V17a 30744 09/21/2022 Ej. 1 09/12/2016 LIbro









Instituto Departamental de Cultura del Meta - Red Departamental de Bibliotecas Públicas del Meta.